| 000 | 00399nam a2200181Ia 4500 | ||
|---|---|---|---|
| 001 | 330 | ||
| 005 | 20260306140509.0 | ||
| 008 | 260306t2007||||xx |||||||||||||| ||spa|| | ||
| 041 | _aESP | ||
| 082 |
_a101 _bM41 2007 |
||
| 100 |
_aMelendo, Tomás _eAUT |
||
| 245 | 0 | _aIntroducción a la filosofía | |
| 260 | _c2007 | ||
| 300 |
_a _c |
||
| 650 | _aGEN | ||
| 654 | _aCHU | ||
| 942 |
_cLIB _dJUS _fJUS _2ddc _n |
||
| 999 |
_c330 _d330 |
||